000 00317nam a2200121Ia 4500
008 190216s9999||||xx |||||||||||||| ||und||
100 _aCharles Dickens-Lahiri J
245 0 _aDavid Copper Field And Six Short Stories
260 _bLalvani Pub House
300 _a30p
650 _aEnglish Short Stories
942 _cBK
999 _c12099
_d12099